| 000 | 00794cab a22002295a 4500 | ||
|---|---|---|---|
| 001 | L146656 | ||
| 008 | 090211e20090207xxkbdo f s 000 0 eng d | ||
| 035 | _a(Sirsi) u146656 | ||
| 041 | 0 | _aeng | |
| 100 | 1 | _aEvans, Nigel | |
| 245 | 0 | 0 | _aEG residential |
| 260 | _c2009 | ||
| 490 |
_aEstates Gazette _v(0905) 7 February 2009, 57-73(13) |
||
| 520 | _aFocus on residential property features sections on the residential market during the current recession, discussion of alternative business models for house builders and commentary on affordable housing schemes. | ||
| 590 | _aKA | ||
| 651 | 4 |
_aUnited Kingdom _y |
|
| 690 | _aPROPERTY-RESIDENTIAL PROPERTY-RESIDENTIAL PROPERTY MARKET | ||
| 700 | 1 | _aDonnell, Richard | |
| 700 | 1 | _aNorwood, Graham | |
| 700 | 1 | _aSmith, Daniel | |
| 942 | _n0 | ||
| 999 |
_c81226 _d81226 |
||